000 00237nam a2200109Ia 4500
100 _a#N/A
942 _cBK
654 _amicrosoft speeh app software
245 _aMicrosoft Speech App Software
260 _b#N/A
_c2004
546 _aENGLISH
999 _c34195
_d34195